000 00781nam a2200205 a 4500
003 0
005 20250507082704.0
008 050808s19uu xx 00 eng d
050 _aPHS BF 378.M4
_b.J67 2005
100 _aJose, Gabriel A.
245 _aThe Effect of music on the visual memory of teenagers /
_cGabriel A. Jose.
260 _aLas PiƱas City, Philippines :
_bSouthville International School and Colleges,
_c2005.
300 _a23 pages :
_billustrations ;
_c28 cm.
504 _aIncludes bibliographical references.
650 _2Library of Congress Subject Headings
_aMemory
_xEffect of music on.
650 _2Library of Congress Subject Headings
_aMusic
_xPsychological aspects.
650 _aVisual memory
_xAdolescents.
942 _2lcc
_cPASS
999 _c97244
_d97244